El ansia = The Hunger /

Una mujer vampiro, necesita sangre fresca para vivir. A cambio de ésta, ofrece juventud a sus amantes, pero en los humanos vampirizados, no hay eternidad y cuando envejecen, quedan atrapados en cuerpos muertos pero siguen teniendo conciencia de lo que ocurre a su alrededor. Como su compañero en turn...

Ful tanımlama

Kaydedildi:
Detaylı Bibliyografya
Yazar: Scott, Tony (realización)
Diğer Yazarlar: Costigan, James (guión) (guión), Davis, Ivan (guión) (guión), Thomas, Michael (guión) (guión), Goldblatt, Stephen (fotógrafo) (fotógrafo), Mangravite, Tom (fotógrafo) (fotógrafo), Power, Pamela (montaje) (montaje), Rubini, Michel (música) (música), Bauhaus (música) (música), Deneuve, Catherine (actuación) (actuación), Bowie, David (actuación) (actuación), Sarandon, Susan (actuación) (actuación)
Materyal Türü: Saydam/Asetat
Dil:İngilizce
Baskı/Yayın Bilgisi: Inglaterra : Metro-Goldwyn-Mayer : Peerford, 1983
Konular:
Etiketler: Etiketle
Etiket eklenmemiş, İlk siz ekleyin!

MARC

LEADER 00000ngm^a2200000^a^4500
001 000311454
005 20250521000000.0
009 20260310113046.435
020 |a 0-7907-4372-8 
037 |a Acervo ITESO - Biblioteca 
041 |a ING 
082 |a 820.  |b SCO 
100 |a Scott, Tony  |e (realización) 
245 1 3 |a El ansia =  |b The Hunger /  |c Realización de T. Scott. 
246 2 |a Título en la cubierta: The Hunger 
264 1 |a Inglaterra :  |b Metro-Goldwyn-Mayer :  |b Peerford,  |c 1983 
264 2 |a Los Angeles, EUA :  |b Turner [distribución] :  |b Warner Brothers [distribución],  |c 2004, c2004 
300 |a 1 DVD región 1  |c (97 min.) 
336 |a imagen móvil bidimensional  |b tdi  |2 rdacontenido 
337 |a video  |b v  |2 rdamedio 
338 |a videodisco  |b vd  |2 rdasoporte 
500 |a Basado en: El ansia, de Whitley Strieber 
520 |a Una mujer vampiro, necesita sangre fresca para vivir. A cambio de ésta, ofrece juventud a sus amantes, pero en los humanos vampirizados, no hay eternidad y cuando envejecen, quedan atrapados en cuerpos muertos pero siguen teniendo conciencia de lo que ocurre a su alrededor. Como su compañero en turno empieza a envejecer, él busca ayuda en una doctora que investiga casos de envejecimiento prematuro y, aunque en realidad no le es de mucha ayuda desde la perspectiva científica, la vampiresa ve en la mujer un buen reemplazo él. 
546 |a En inglés, con subtítulos opcionales: español, inglés, francés 
546 |a Doblaje opcional: francés 
649 |a XX 
650 |a Películas de Suspenso y Terror 
650 |a Cine Inglés -  |y 1980-1989 
650 |a Cine Inglés -  |y Siglo XX 
650 |a Vampiros 
650 |a Ancianos 
650 |a Sangre (En Religión, Folklore, etc.) 
650 |a Muerte (En Religión, Folklore, etc.) 
650 |a Inmortalidad 
650 |a Ciclo Vital 
650 |a Relaciones de Pareja 
650 |a Sexualidad 
700 |a Costigan, James  |e (guión) 
700 |a Davis, Ivan  |e (guión) 
700 |a Thomas, Michael  |e (guión) 
700 |a Goldblatt, Stephen  |e (fotógrafo) 
700 |a Mangravite, Tom  |e (fotógrafo) 
700 |a Power, Pamela  |e (montaje) 
700 |a Rubini, Michel  |e (música) 
700 |a Bauhaus  |e (música) 
700 |a Deneuve, Catherine  |e (actuación) 
700 |a Bowie, David  |e (actuación) 
700 |a Sarandon, Susan  |e (actuación) 
910 |a Fondo General 
920 |a Audiovisuales - DVDs 
940 |a Películas 
905 |a 302 
901 |a 0500183676  |b IT2  |c DVS  |i C117173  |u 20250521 
902 |a https://opac.biblio.iteso.mx/vufind/Record/000311454